000 00381nam a2200157Ia 4500
008 230917s9999||||xx |||||||||||||| ||und||
040 _e78716
_aMAIN
041 _aEnglish
082 _a346.086 I1C
100 _aIvamy, E R Hardy
245 0 _aCase book on insurance law
250 _a3rd ed.
260 _aLondon
_bButterworths
_c1977
300 _axxix, 266 p.
942 _cBK
999 _c214929
_d214929